Innocent Eréndira, and other stories /

Detaylı Bibliyografya
Yazar: García Márquez, Gabriel, 1928-
Materyal Türü: Kitap
Dil:English
Spanish
Baskı/Yayın Bilgisi: New York : London : Harper & Row ; Penguin Books, c1978, 1996.
Konular:
Classic Catalogue: View this record in Classic Catalogue
LEADER 01972nam a2200313 a 4500
001 0015904
003 BD-DhAAL
008 090716s1978 nyu 000 1 eng d
010 |a \\\74015873  
020 |a 0140157522 
020 |a 0060114169 :  |c $8.95 
020 |a 9780140157529 
020 |a 9780060114169 
040 |a DLC  |c DLC  |d DLC  |d BD-DhAAL 
041 |a eng  |h spa 
082 0 0 |a 863  |2 23 
100 2 |a García Márquez, Gabriel,  |d 1928- 
245 1 0 |a Innocent Eréndira, and other stories /  |c Gabriel García Márquez ; translated from the Spanish by Gregory Rabassa. 
260 |a New York :  |b Harper & Row ;  |a London :  |b Penguin Books,  |c c1978, 1996. 
300 |a 183 pages ;  |c 20 cm 
505 0 |a The incredible and sad tale of innocent Eréndira and her heartless grandmother.--The sea of lost time.--Death constant beyond love.--The third resignation.--The other side of death.--Eva is inside her cat.--Dialogue with the mirror.--Bitterness for three sleepwalkers.--Eyes of a blue dog.--The woman who came at six o'clock.--Someone has been disarranging these roses.--The night of the curlews. 
541 1 |a Donated by Farhana Zahir, Assistant Professor, BRAC Business School, BRAC University  |e 0015904, 44605 
600 1 0 |a García Márquez, Gabriel,  |d 1927-2014  |x Translations into English.  |9 59050 
650 |a Spanish fiction.  |9 59049 
852 4 |a Ayesha Abed Library  |c General Stacks 
942 |2 ddc  |c BK 
999 |c 2730  |d 2730 
952 |0 0  |1 0  |2 ddc  |4 0  |6 863_GAR_197800000000000  |7 0  |9 2510  |a BRACUL  |b BRACUL  |c GEN  |d 2009-07-23  |g 300.00  |l 11  |m 50  |o 863 GAR  |p 3010015904  |r 2022-10-31  |s 2022-10-26  |t 1  |v 600.00  |w 2009-07-23  |y BK 
952 |0 0  |1 0  |2 ddc  |4 0  |6 863_000000000000000_GAR  |7 0  |9 78011  |a BRACUL  |b BRACUL  |c NEW  |d 2025-08-13  |e Donated by Farhana Zahir, Assistant Professor, BRAC Business School, BRAC University  |g 445.00  |l 5  |o 863 GAR  |p 3010044605  |q 2026-06-02  |r 2026-05-20  |s 2026-05-20  |t 2  |v 890.00  |w 2025-08-13  |y BK  |x Donated by Farhana Zahir, Assistant Professor, BRAC Business School, BRAC University